[Event "Eforie Nord op 2nd"]
[Site "Eforie Nord"]
[Date "2010.06.20"]
[Round "4"]
[White "Beinoras, Mindaugas"]
[Black "Mekhitarian, Krikor Sevag"]
[Result "0-1"]
[WhiteElo "2386"]
[BlackElo "2499"]
[PlyCount "90"]
[EventDate "2010.06.18"]
[EventType "swiss"]
[EventRounds "11"]
[EventCountry "ROU"]
[SourceTitle "CBM 137 Extra"]
[Source "ChessBase"]
[SourceDate "2010.09.01"]
[SourceVersion "1"]
[SourceVersionDate "2010.09.01"]
[SourceQuality "1"]

1. d4 Nf6 2. c4 g6 3. f3 d5 4. cxd5 Nxd5 5. e4 Nb6 6. Nc3 Bg7 7. Be3 O-O 8. Qd2
Nc6 9. O-O-O f5 10. e5 Nb4 11. a3 N4d5 12. Nxd5 Qxd5 13. Ne2 Rd8 14. Qc2 Nc4
15. Bg5 Qf7 16. Nc3 c6 17. Bxc4 Qxc4 18. Bxe7 Bh6+ 19. Kb1 Re8 20. Bd6 Be6 21.
d5 cxd5 22. Qd3 Rac8 23. Nxd5 Kf7 24. Qxc4 Rxc4 25. Nc7 Rc8 26. Nxe6 Kxe6 27.
Bb4 Be3 28. Bc3 Bc5 29. Rd3 Bxa3 30. Rhd1 Be7 31. Rd7 R8c7 32. Rxc7 Rxc7 33.
Ka2 f4 34. Rd4 g5 35. g3 fxg3 36. hxg3 h5 37. Kb3 Rc8 38. f4 g4 39. Bb4 Rd8 40.
Rxd8 Bxd8 41. Kc4 h4 42. gxh4 g3 43. Bc5 Bb6 44. Bg1 Bxg1 45. h5 Be3 0-1

[Event "Eforie Nord op 2nd"]
[Site "Eforie Nord"]
[Date "2010.06.22"]
[Round "6"]
[White "Moldovan, Daniel"]
[Black "Mekhitarian, Krikor Sevag"]
[Result "1/2-1/2"]
[WhiteElo "2423"]
[BlackElo "2499"]
[PlyCount "161"]
[EventDate "2010.06.18"]
[EventType "swiss"]
[EventRounds "11"]
[EventCountry "ROU"]
[SourceTitle "CBM 137 Extra"]
[Source "ChessBase"]
[SourceDate "2010.09.01"]
[SourceVersion "1"]
[SourceVersionDate "2010.09.01"]
[SourceQuality "1"]

1. d4 Nf6 2. c4 g6 3. Nf3 Bg7 4. Nc3 d5 5. cxd5 Nxd5 6. e4 Nxc3 7. bxc3 c5 8.
Be3 Qa5 9. Qd2 O-O 10. Rc1 Rd8 11. d5 e6 12. c4 Qxd2+ 13. Nxd2 Na6 14. Be2 b6
15. O-O Nb4 16. a3 Na2 17. Rc2 Nc3 18. Bf3 exd5 19. cxd5 Ba6 20. Rfc1 Ne2+ 21.
Bxe2 Bxe2 22. f3 Bd3 23. Rc3 Bxc3 24. Rxc3 Bb5 25. Bg5 Rd7 26. Bf6 Re8 27. g4
Rxd5 28. exd5 Re1+ 29. Kf2 Re2+ 30. Kg3 Rxd2 31. a4 Bd7 32. a5 Rxd5 33. axb6
axb6 34. Ra3 Bc6 35. g5 Kf8 36. Ra6 Ke8 37. Rxb6 Kd7 38. Rb3 Rd1 39. Ra3 Bd5
40. Be5 Kc6 41. Kf2 Kb5 42. Ke2 Rb1 43. f4 Be6 44. Kd2 Rh1 45. f5 Bxf5 46. Ra1
Bb1 47. Kc3 Kc6 48. Kb2 Kd5 49. Bf6 Be4 50. Rxh1 Bxh1 51. Kc3 Be4 52. Kd2 Ke6
53. Ke3 Kf5 54. Be7 c4 55. Kd4 Bd3 56. Bd8 Ke6 57. Ke3 Bf1 58. Kd4 Kf5 59. Be7
Ke6 60. Bd8 Kd6 61. Bf6 Kc6 62. Ke4 Bg2+ 63. Ke3 Bd5 64. Bc3 Kb5 65. h4 Ka4 66.
Kd2 Kb3 67. Be5 Be6 68. Bf6 Kb4 69. Bc3+ Kc5 70. Ke3 Kd5 71. Kf4 Bd7 72. Bf6
Kc5 73. Bc3 Be6 74. Ke3 f5 75. gxf6 h6 76. Be5 Kb4 77. Bf4 h5 78. Kd2 Kc5 79.
Kc3 Kd5 80. f7 Bxf7 81. Bg5 1/2-1/2

[Event "Eforie Nord op 2nd"]
[Site "Eforie Nord"]
[Date "2010.06.23"]
[Round "7"]
[White "Mekhitarian, Krikor Sevag"]
[Black "Turova, Irina"]
[Result "1-0"]
[WhiteElo "2499"]
[BlackElo "2394"]
[PlyCount "91"]
[EventDate "2010.06.18"]
[EventType "swiss"]
[EventRounds "11"]
[EventCountry "ROU"]
[SourceTitle "CBM 137 Extra"]
[Source "ChessBase"]
[SourceDate "2010.09.01"]
[SourceVersion "1"]
[SourceVersionDate "2010.09.01"]
[SourceQuality "1"]

1. d4 Nf6 2. c4 e6 3. Nc3 Bb4 4. Qc2 O-O 5. a3 Bxc3+ 6. Qxc3 b5 7. cxb5 c6 8.
Bg5 cxb5 9. e3 a6 10. f3 Bb7 11. Nh3 Nc6 12. Be2 Rc8 13. O-O h6 14. Bh4 d6 15.
Rfd1 Nd5 16. Qe1 Qd7 17. Bf2 f5 18. Rac1 Qf7 19. Qd2 Nde7 20. Nf4 e5 21. dxe5
dxe5 22. Nd3 Rcd8 23. Qc2 Bc8 24. Nc5 f4 25. e4 Qf6 26. a4 bxa4 27. Qxa4 Nd4
28. Bxd4 Rxd4 29. Rxd4 exd4 30. Bxa6 d3 31. Bc4+ Kh8 32. Nxd3 Ng6 33. Qb4 Rd8
34. Bd5 Ba6 35. Rc6 Qxc6 36. Bxc6 Rxd3 37. Bb5 Rd1+ 38. Kf2 Bxb5 39. Qxb5 Rd2+
40. Kf1 Rc2 41. g3 Rxh2 42. gxf4 Nh4 43. Qd3 Rh3 44. Kf2 Kg8 45. b4 Ng6 46. Qd6
1-0

[Event "Eforie Nord op 2nd"]
[Site "Eforie Nord"]
[Date "2010.06.25"]
[Round "9"]
[White "Mekhitarian, Krikor Sevag"]
[Black "Turov, Maxim"]
[Result "1/2-1/2"]
[WhiteElo "2499"]
[BlackElo "2624"]
[PlyCount "79"]
[EventDate "2010.06.18"]
[EventType "swiss"]
[EventRounds "11"]
[EventCountry "ROU"]
[SourceTitle "CBM 137 Extra"]
[Source "ChessBase"]
[SourceDate "2010.09.01"]
[SourceVersion "1"]
[SourceVersionDate "2010.09.01"]
[SourceQuality "1"]

1. e4 c6 2. d4 d5 3. e5 Bf5 4. Nf3 e6 5. Be2 c5 6. Be3 Qb6 7. Nc3 Nc6 8. O-O
Qxb2 9. Qe1 cxd4 10. Bxd4 Nxd4 11. Nxd4 Bb4 12. Rb1 Qxc3 13. Rxb4 Qxe1 14. Rxe1
b6 15. Bb5+ Kf8 16. Nxf5 exf5 17. Rd1 Ne7 18. c4 a6 19. Ba4 b5 20. cxb5 axb5
21. Rxb5 g5 22. Bb3 Ra7 23. Rb6 Kg7 24. e6 Rha8 25. exf7 Ra6 26. Rxa6 Rxa6 27.
Bxd5 Nxd5 28. Rxd5 Kxf7 29. Rd2 g4 30. Kf1 Rh6 31. a4 Rxh2 32. Ra2 Rh6 33. a5
Ra6 34. Ke2 Ke6 35. Ke3 Ke5 36. g3 f4+ 37. gxf4+ Kf5 38. Ra1 h5 39. Rh1 Kg6 40.
f3 1/2-1/2

[Event "Eforie Nord op 2nd"]
[Site "Eforie Nord"]
[Date "2010.06.26"]
[Round "10"]
[White "Mekhitarian, Krikor Sevag"]
[Black "Vocaturo, Daniele"]
[Result "1/2-1/2"]
[WhiteElo "2499"]
[BlackElo "2493"]
[PlyCount "82"]
[EventDate "2010.06.18"]
[EventType "swiss"]
[EventRounds "11"]
[EventCountry "ROU"]
[SourceTitle "CBM 137 Extra"]
[Source "ChessBase"]
[SourceDate "2010.09.01"]
[SourceVersion "1"]
[SourceVersionDate "2010.09.01"]
[SourceQuality "1"]

1. e4 e5 2. Nf3 Nc6 3. Bb5 a6 4. Ba4 Nf6 5. O-O Be7 6. Re1 b5 7. Bb3 d6 8. c3
O-O 9. h3 Na5 10. Bc2 c5 11. d4 Qc7 12. Nbd2 cxd4 13. cxd4 Bb7 14. d5 Rac8 15.
Bd3 Nd7 16. Nf1 f5 17. exf5 Nc4 18. Ng3 Bxd5 19. b3 Ncb6 20. Ng5 Qb7 21. Nxh7
Bxg2 22. Nxf8 Rxf8 23. Be4 Bxe4 24. Rxe4 d5 25. Rg4 Bf6 26. Nh5 Rf7 27. Bh6 Kf8
28. Bg5 d4 29. Rc1 Nc8 30. Qd2 Ne7 31. Qb4 Kg8 32. Qd6 Nxf5 33. Qe6 Bxg5 34.
Rxg5 Nf8 35. Qxe5 Nh4 36. Nf6+ Rxf6 37. Qxf6 Nf3+ 38. Kf1 Nh2+ 39. Kg1 Nf3+ 40.
Kf1 Nh2+ 41. Kg1 Nf3+ 1/2-1/2

[Event "Eforie Nord op 2nd"]
[Site "Eforie Nord"]
[Date "2010.06.27"]
[Round "11"]
[White "Fedorov, Alexei"]
[Black "Mekhitarian, Krikor Sevag"]
[Result "1/2-1/2"]
[WhiteElo "2618"]
[BlackElo "2499"]
[PlyCount "106"]
[EventDate "2010.06.18"]
[EventType "swiss"]
[EventRounds "11"]
[EventCountry "ROU"]
[SourceTitle "CBM 137 Extra"]
[Source "ChessBase"]
[SourceDate "2010.09.01"]
[SourceVersion "1"]
[SourceVersionDate "2010.09.01"]
[SourceQuality "1"]

1. e4 c5 2. Nf3 d6 3. d4 cxd4 4. Nxd4 Nf6 5. Nc3 Nc6 6. Bc4 e6 7. Be3 a6 8. Bb3
Qc7 9. f4 Be7 10. Qf3 O-O 11. O-O-O Na5 12. g4 b5 13. g5 Nd7 14. f5 Ne5 15. Qg3
Re8 16. Kb1 Nxb3 17. axb3 Bf8 18. Rhf1 b4 19. Na4 Bb7 20. Rf4 Rac8 21. Qh3 g6
22. Rc1 Qe7 23. Rcf1 Nd7 24. Rh4 h5 25. f6 Qd8 26. Ne2 Qc7 27. c4 Ne5 28. Ng3
Nxc4 29. Rc1 Qa5 30. Rxc4 Rxc4 31. Nb6 Rc5 32. Bxc5 Qxc5 33. Nxh5 Bxe4+ 34.
Rxe4 gxh5 35. Qxh5 Qf5 36. Qg4 Qxg4 37. Rxg4 d5 38. Nd7 e5 39. Nxf8 Rxf8 40.
Rxb4 Kh7 41. Rb7 Kg6 42. Re7 e4 43. h4 Rh8 44. Rd7 Rxh4 45. Rxd5 Rg4 46. Re5
Rxg5 47. Rxe4 Rb5 48. b4 Kxf6 49. Kc2 Kg5 50. Kd3 f5 51. Re6 Rxb4 52. Rxa6 Rxb2
53. Ke3 Rb4 1/2-1/2

[Event "Dieren op"]
[Site "Dieren"]
[Date "2010.07.28"]
[Round "2"]
[White "Mekhitarian, Krikor Sevag"]
[Black "Rietveld, Renze"]
[Result "1-0"]
[WhiteElo "2511"]
[BlackElo "2238"]
[PlyCount "71"]
[EventDate "2010.07.27"]
[EventType "swiss"]
[EventRounds "9"]
[EventCountry "NED"]
[SourceTitle "CBM 137 Extra"]
[Source "ChessBase"]
[SourceDate "2010.09.01"]
[SourceVersion "1"]
[SourceVersionDate "2010.09.01"]
[SourceQuality "1"]

1. e4 c5 2. Nf3 d6 3. d4 cxd4 4. Nxd4 Nf6 5. Nc3 e6 6. g4 Nc6 7. g5 Nd7 8. h4
Nde5 9. Be3 a6 10. f4 Nxd4 11. Bxd4 Nc6 12. Be3 b5 13. Qf3 Qc7 14. O-O-O Bd7
15. Kb1 Na5 16. Bd3 b4 17. Ne2 Nc4 18. Bd4 Rc8 19. Bxc4 Qxc4 20. Rd2 Bc6 21.
Ng3 d5 22. e5 Bc5 23. Ne2 Bd7 24. Bxc5 Qxc5 25. h5 a5 26. Nd4 a4 27. f5 exf5
28. Nxf5 Bxf5 29. Qxf5 b3 30. axb3 axb3 31. cxb3 Ra8 32. h6 gxh6 33. e6 Rf8 34.
Rxd5 Qa7 35. e7 Rg8 36. Rhd1 1-0

[Event "Arad op"]
[Site "Arad"]
[Date "2010.08.07"]
[Round "2"]
[White "Popa Matei, Viorel Ovidiu"]
[Black "Mekhitarian, Krikor Sevag"]
[Result "0-1"]
[WhiteElo "2130"]
[BlackElo "2511"]
[PlyCount "80"]
[EventDate "2010.08.06"]
[EventType "swiss"]
[EventRounds "9"]
[EventCountry "ROU"]
[SourceTitle "CBM 137 Extra"]
[Source "ChessBase"]
[SourceDate "2010.09.01"]
[SourceVersion "1"]
[SourceVersionDate "2010.09.01"]
[SourceQuality "1"]

1. e4 c5 2. d4 cxd4 3. c3 d3 4. Bxd3 d6 5. c4 Nf6 6. Nc3 a6 7. h3 e6 8. Nf3 b6
9. Qe2 Bb7 10. O-O Nbd7 11. Rd1 Be7 12. Bf4 O-O 13. e5 Bxf3 14. gxf3 dxe5 15.
Bxe5 g6 16. Bc2 Qc8 17. f4 Nh5 18. Ne4 Nxe5 19. fxe5 Qc7 20. Ng3 Nxg3 21. fxg3
Rfd8 22. b3 Bc5+ 23. Kg2 Bd4 24. Rab1 Bxe5 25. Qf3 Kg7 26. Be4 Rab8 27. g4 Qe7
28. Rxd8 Rxd8 29. Rd1 Rxd1 30. Qxd1 Qh4 31. Qd3 Qg5 32. Bb7 a5 33. a4 h5 34.
Qf3 h4 35. Qd3 Qc1 36. Bf3 Qf4 37. Bc6 Bd4 38. Qf3 Qc1 39. Qf1 Qxf1+ 40. Kxf1
f5 0-1

[Event "Arad op"]
[Site "Arad"]
[Date "2010.08.08"]
[Round "3"]
[White "Mekhitarian, Krikor Sevag"]
[Black "Prunescu, Claudiu"]
[Result "1-0"]
[WhiteElo "2511"]
[BlackElo "2246"]
[PlyCount "127"]
[EventDate "2010.08.06"]
[EventType "swiss"]
[EventRounds "9"]
[EventCountry "ROU"]
[SourceTitle "CBM 137 Extra"]
[Source "ChessBase"]
[SourceDate "2010.09.01"]
[SourceVersion "1"]
[SourceVersionDate "2010.09.01"]
[SourceQuality "1"]

1. e4 c5 2. Nf3 Nc6 3. d4 cxd4 4. Nxd4 g6 5. Nc3 Bg7 6. Be3 Nf6 7. Bc4 O-O 8.
Bb3 a5 9. O-O a4 10. Nxa4 Nxe4 11. Nb5 Ra6 12. Qe2 d6 13. c4 Nf6 14. h3 Na5 15.
Bc2 Be6 16. b3 Nd7 17. Rad1 Qc8 18. Nac3 Nf6 19. Nd5 Nc6 20. Bb1 Bxd5 21. cxd5
Nb4 22. Rc1 Qb8 23. Nc7 Ra3 24. Qd2 Nc6 25. dxc6 Qxc7 26. Qb4 Qa5 27. Qxb7 Qa8
28. Qxe7 Nd5 29. Qxd6 Nxe3 30. fxe3 Qa7 31. c7 Qxe3+ 32. Kh1 Raa8 33. Qd7 Rac8
34. Qd5 Qg3 35. Rf3 Qe5 36. Qxe5 Bxe5 37. Rc5 Rfe8 38. Re3 f6 39. Bd3 Re7 40.
Bc4+ Kf8 41. g3 Rcxc7 42. Ra5 Ra7 43. Rxa7 Rxa7 44. a4 Ke7 45. Kg2 Kd6 46. Kf3
Kc5 47. Rd3 Bd4 48. Be6 Be5 49. Rd5+ Kc6 50. Rb5 Kc7 51. Bd5 Kd6 52. g4 h5 53.
gxh5 gxh5 54. Ke4 h4 55. a5 Re7 56. Rb6+ Kc7 57. Kd3 Rd7 58. Kc4 Rd6 59. Rb7+
Kc8 60. Rf7 Kd8 61. Kc5 Rd7 62. Rxd7+ Kxd7 63. a6 Bg3 64. Kb6 1-0

[Event "Arad op"]
[Site "Arad"]
[Date "2010.08.09"]
[Round "4"]
[White "Petrisor, Adrian Marian"]
[Black "Mekhitarian, Krikor Sevag"]
[Result "1-0"]
[WhiteElo "2331"]
[BlackElo "2511"]
[PlyCount "71"]
[EventDate "2010.08.06"]
[EventType "swiss"]
[EventRounds "9"]
[EventCountry "ROU"]
[SourceTitle "CBM 137 Extra"]
[Source "ChessBase"]
[SourceDate "2010.09.01"]
[SourceVersion "1"]
[SourceVersionDate "2010.09.01"]
[SourceQuality "1"]

1. e4 c5 2. Nf3 e6 3. d4 cxd4 4. Nxd4 Nc6 5. Nb5 d6 6. c4 Nf6 7. N1c3 a6 8. Na3
Be7 9. Be2 b6 10. Be3 Bb7 11. O-O O-O 12. f3 Ne5 13. Rc1 Qc7 14. b4 Rac8 15.
Qb3 Ned7 16. Qb1 Qb8 17. f4 Qa8 18. Bf3 a5 19. bxa5 d5 20. a6 Qxa6 21. Nab5
Rxc4 22. Be2 Rb4 23. Qa1 Bc5 24. Bxc5 Nxc5 25. a3 Rb3 26. e5 Nfe4 27. Nxe4 dxe4
28. f5 Rxb5 29. fxe6 Qa4 30. exf7+ Kh8 31. Bxb5 Qxb5 32. Qd4 Qc6 33. Qd8 Ne6
34. Qxf8+ Nxf8 35. Rxc6 Bxc6 36. e6 1-0

[Event "Arad op"]
[Site "Arad"]
[Date "2010.08.10"]
[Round "6"]
[White "Garbea, Bogdan"]
[Black "Mekhitarian, Krikor Sevag"]
[Result "0-1"]
[WhiteElo "2168"]
[BlackElo "2511"]
[PlyCount "120"]
[EventDate "2010.08.06"]
[EventType "swiss"]
[EventRounds "9"]
[EventCountry "ROU"]
[SourceTitle "CBM 137 Extra"]
[Source "ChessBase"]
[SourceDate "2010.09.01"]
[SourceVersion "1"]
[SourceVersionDate "2010.09.01"]
[SourceQuality "1"]

1. d4 Nf6 2. c4 g6 3. Nc3 d5 4. Nf3 Bg7 5. Bf4 O-O 6. e3 c5 7. Bd3 cxd4 8. exd4
Nc6 9. h3 b6 10. O-O Bb7 11. Re1 Nb4 12. cxd5 Nxd3 13. Qxd3 Nxd5 14. Nxd5 Bxd5
15. Be5 f6 16. Bg3 Qd7 17. Nd2 Qb7 18. f3 Rac8 19. Ne4 Rfd8 20. Nc3 Bf7 21. Qe3
Rd7 22. Rad1 Rcd8 23. d5 Bf8 24. d6 e5 25. Ne4 Bg7 26. Qa3 Bd5 27. Rd2 Qc6 28.
Nc3 Bf7 29. Red1 Kh8 30. Kh1 Bh6 31. Re2 a5 32. Bh4 Bg7 33. Red2 g5 34. Bg3 f5
35. Qa4 Rc8 36. Bf2 Bf8 37. h4 Rxd6 38. Rxd6 Bxd6 39. hxg5 Qxa4 40. Nxa4 Rc6
41. Nxb6 Bxa2 42. Nc8 Bf8 43. Rd8 Kg7 44. f4 Be6 45. Na7 Rc2 46. Bb6 Rxb2 47.
Bxa5 Bc5 48. Nc6 Rb1+ 49. Kh2 Bg1+ 50. Kh3 Rb3+ 51. g3 exf4 52. Be1 fxg3 53.
Kg2 Bb6 54. Rd6 Bc8 55. Rf6 Bc7 56. Ne7 Re3 57. Bb4 Re2+ 58. Kg1 Be5 59. Nxc8
Bd4+ 60. Kf1 Rf2+ 0-1

[Event "Arad op"]
[Site "Arad"]
[Date "2010.08.11"]
[Round "7"]
[White "Grigore, George Gabriel"]
[Black "Mekhitarian, Krikor Sevag"]
[Result "1/2-1/2"]
[WhiteElo "2532"]
[BlackElo "2511"]
[PlyCount "42"]
[EventDate "2010.08.06"]
[EventType "swiss"]
[EventRounds "9"]
[EventCountry "ROU"]
[SourceTitle "CBM 137 Extra"]
[Source "ChessBase"]
[SourceDate "2010.09.01"]
[SourceVersion "1"]
[SourceVersionDate "2010.09.01"]
[SourceQuality "1"]

1. d4 Nf6 2. c4 g6 3. Nc3 d5 4. Nf3 Bg7 5. Bf4 O-O 6. e3 c5 7. dxc5 Ne4 8. Rc1
Nd7 9. cxd5 Qa5 10. Nd4 Nxc3 11. bxc3 Nxc5 12. Bc4 e5 13. dxe6 Bxe6 14. Bxe6
Nxe6 15. Nxe6 Bxc3+ 16. Kf1 fxe6 17. Qb3 Qa6+ 18. Kg1 Bf6 19. h3 Rad8 20. Kh2
Rd3 21. Qb1 Rd2 1/2-1/2

[Event "Arad op"]
[Site "Arad"]
[Date "2010.08.11"]
[Round "8"]
[White "Mekhitarian, Krikor Sevag"]
[Black "Leviczki, Tibor"]
[Result "1/2-1/2"]
[WhiteElo "2511"]
[BlackElo "2393"]
[PlyCount "47"]
[EventDate "2010.08.06"]
[EventType "swiss"]
[EventRounds "9"]
[EventCountry "ROU"]
[SourceTitle "CBM 137 Extra"]
[Source "ChessBase"]
[SourceDate "2010.09.01"]
[SourceVersion "1"]
[SourceVersionDate "2010.09.01"]
[SourceQuality "1"]

1. e4 c5 2. Nf3 e6 3. d4 cxd4 4. Nxd4 a6 5. Bd3 Nf6 6. O-O Qc7 7. Qe2 d6 8. c4
Nbd7 9. f4 Be7 10. Nc3 O-O 11. Bd2 b6 12. Rae1 Bb7 13. Nf3 g6 14. Bb1 Rac8 15.
b3 Rfe8 16. Ng5 Nh5 17. Kh1 Bf8 18. e5 Ng7 19. exd6 Bxd6 20. Nce4 Be7 21. Bc3
f6 22. Qb2 Rf8 23. Nf3 b5 24. Nfd2 1/2-1/2

[Event "Pan-Armenian ol"]
[Site "Yerevan"]
[Date "2010.08.15"]
[Round "1"]
[White "Mekhitarian, Krikor Sevag"]
[Black "Arutyunova, Diana"]
[Result "1/2-1/2"]
[WhiteElo "2511"]
[BlackElo "2270"]
[PlyCount "60"]
[EventDate "2010.08.15"]
[EventType "swiss"]
[EventRounds "9"]
[EventCountry "ARM"]
[SourceTitle "CBM 138 Extra"]
[Source "ChessBase"]
[SourceDate "2010.10.29"]
[SourceVersion "1"]
[SourceVersionDate "2010.10.29"]
[SourceQuality "1"]

1. e4 e6 2. d4 d5 3. Nc3 Nf6 4. e5 Nfd7 5. f4 c5 6. Nf3 Nc6 7. Be3 a6 8. Qd2 b5
9. Bd3 g5 10. fxg5 cxd4 11. Nxd4 Ndxe5 12. O-O Bg7 13. Nce2 Na5 14. b3 Ng4 15.
Ng3 h5 16. Rae1 Qc7 17. g6 O-O 18. Rxf7 Rxf7 19. gxf7+ Kxf7 20. Rf1+ Kg8 21.
Bg6 Qe5 22. Bf2 Nxf2 23. Rxf2 Qxd4 24. Qxa5 Bd7 25. Bxh5 Rf8 26. Bf3 Qc5 27.
Qd2 Bd4 28. Qg5+ Kh8 29. Qh6+ Kg8 30. Qg5+ Kh8 1/2-1/2

[Event "Pan-Armenian ol"]
[Site "Yerevan"]
[Date "2010.08.16"]
[Round "2"]
[White "Doluhanova, Evgeniya"]
[Black "Mekhitarian, Krikor Sevag"]
[Result "0-1"]
[WhiteElo "2312"]
[BlackElo "2511"]
[PlyCount "64"]
[EventDate "2010.08.15"]
[EventType "swiss"]
[EventRounds "9"]
[EventCountry "ARM"]
[SourceTitle "CBM 138 Extra"]
[Source "ChessBase"]
[SourceDate "2010.10.29"]
[SourceVersion "1"]
[SourceVersionDate "2010.10.29"]
[SourceQuality "1"]

1. e4 c5 2. Nc3 Nc6 3. f4 g6 4. Nf3 Bg7 5. Bb5 Nd4 6. Nxd4 cxd4 7. Ne2 a6 8.
Bd3 d6 9. b3 Nf6 10. Bb2 e5 11. O-O O-O 12. a4 Re8 13. Ng3 h5 14. Qe1 h4 15.
Ne2 h3 16. g3 Bd7 17. fxe5 dxe5 18. Kh1 b5 19. a5 Qc7 20. Ng1 Qb7 21. Qe2 Bg4
22. Nf3 Nh7 23. Qf2 f5 24. Rae1 Nf6 25. Qe2 fxe4 26. Bxe4 Nxe4 27. Qxe4 Qxe4
28. Rxe4 Bf5 29. Ree1 Bxc2 30. b4 Rad8 31. g4 e4 32. Ng1 e3 0-1

[Event "Pan-Armenian ol"]
[Site "Yerevan"]
[Date "2010.08.17"]
[Round "3"]
[White "Mekhitarian, Krikor Sevag"]
[Black "Seferjan, Narek"]
[Result "1-0"]
[WhiteElo "2511"]
[BlackElo "2441"]
[PlyCount "81"]
[EventDate "2010.08.15"]
[EventType "swiss"]
[EventRounds "9"]
[EventCountry "ARM"]
[SourceTitle "CBM 138 Extra"]
[Source "ChessBase"]
[SourceDate "2010.10.29"]
[SourceVersion "1"]
[SourceVersionDate "2010.10.29"]
[SourceQuality "1"]

1. e4 e6 2. d4 d5 3. Nc3 Nc6 4. Nf3 Nf6 5. e5 Ne4 6. Ne2 f6 7. Ng3 fxe5 8. Bb5
Nxg3 9. hxg3 Bd7 10. Bxc6 Bxc6 11. Nxe5 Rg8 12. Qh5+ g6 13. Qf3 Rg7 14. Bh6 Qe7
15. Bxg7 Qxg7 16. Qg4 Bd7 17. O-O-O O-O-O 18. Rd3 Bd6 19. Re3 Re8 20. Rhe1 Bxe5
21. Rxe5 Qf6 22. f3 h5 23. Qg5 Rf8 24. Qxf6 Rxf6 25. Kd2 c6 26. b3 Kc7 27. c4
b6 28. c5 b5 29. Rh1 Kd8 30. Rh4 Ke7 31. g4 hxg4 32. Rxg4 Kf7 33. Ke3 Kg7 34.
Rf4 a5 35. a3 Rf7 36. Rxf7+ Kxf7 37. Kf4 Kf6 38. g4 b4 39. axb4 axb4 40. g5+
Ke7 41. Re1 1-0

[Event "Pan-Armenian ol"]
[Site "Yerevan"]
[Date "2010.08.18"]
[Round "4"]
[White "Ajrapetian, Gevorg"]
[Black "Mekhitarian, Krikor Sevag"]
[Result "0-1"]
[WhiteElo "2427"]
[BlackElo "2511"]
[PlyCount "74"]
[EventDate "2010.08.15"]
[EventType "swiss"]
[EventRounds "9"]
[EventCountry "ARM"]
[SourceTitle "CBM 138 Extra"]
[Source "ChessBase"]
[SourceDate "2010.10.29"]
[SourceVersion "1"]
[SourceVersionDate "2010.10.29"]
[SourceQuality "1"]

1. e4 c5 2. Nf3 Nc6 3. d4 cxd4 4. Nxd4 e6 5. Nxc6 bxc6 6. Bd3 Nf6 7. O-O d5 8.
Nd2 Qc7 9. f4 Be7 10. Qe2 O-O 11. Kh1 a5 12. a4 Nd7 13. Nb3 Nb6 14. Bd2 c5 15.
Bb5 Nc4 16. Bc3 Nd6 17. exd5 exd5 18. Bxa5 Qa7 19. Rfd1 d4 20. Be1 Qc7 21. Ba5
Qa7 22. Be1 Nf5 23. Bd2 Qc7 24. a5 Bd6 25. a6 Be6 26. Na5 Bxf4 27. Bxf4 Qxf4
28. Bc6 Ne3 29. Rd2 Rxa6 30. g3 Rxa5 31. Rxa5 Qc7 32. Rxc5 Qa7 33. Rxd4 Qxc5
34. Qxe3 Qxc6+ 35. Kg1 Qxc2 36. b4 h6 37. b5 Qb1+ 0-1

[Event "Pan-Armenian ol"]
[Site "Yerevan"]
[Date "2010.08.20"]
[Round "6"]
[White "Ajrapetjan, Yuriy"]
[Black "Mekhitarian, Krikor Sevag"]
[Result "1/2-1/2"]
[WhiteElo "2495"]
[BlackElo "2511"]
[PlyCount "78"]
[EventDate "2010.08.15"]
[EventType "swiss"]
[EventRounds "9"]
[EventCountry "ARM"]
[SourceTitle "CBM 138 Extra"]
[Source "ChessBase"]
[SourceDate "2010.10.29"]
[SourceVersion "1"]
[SourceVersionDate "2010.10.29"]
[SourceQuality "1"]

1. d4 Nf6 2. c4 g6 3. Nc3 d5 4. Nf3 Bg7 5. Bg5 dxc4 6. e4 c5 7. d5 b5 8. Bxf6
Bxf6 9. e5 Bg7 10. Nxb5 Nd7 11. Bxc4 Nxe5 12. Nxe5 Bxe5 13. O-O Bxb2 14. Rb1
Bf6 15. d6 O-O 16. Nc7 Bf5 17. dxe7 Bxe7 18. Nxa8 Bxb1 19. Qxd8 Rxd8 20. Rxb1
Rxa8 21. Rb7 Kf8 22. Kf1 a5 23. a4 Rd8 24. Bb5 Rd4 25. Rb8+ Kg7 26. Ra8 Bd8 27.
Rc8 Be7 28. Ra8 h5 29. Rxa5 c4 30. Ke2 Re4+ 31. Kd1 Bb4 32. Ra7 Re1+ 33. Kc2
Re2+ 34. Kc1 Rxf2 35. Bxc4 Rxg2 36. Rxf7+ Kh6 37. h3 Rg3 38. Be6 Re3 39. Bd7
Re7 1/2-1/2

[Event "Pan-Armenian ol"]
[Site "Yerevan"]
[Date "2010.08.22"]
[Round "8"]
[White "Petrosian, Davit Gevorgi"]
[Black "Mekhitarian, Krikor Sevag"]
[Result "0-1"]
[WhiteElo "2492"]
[BlackElo "2511"]
[PlyCount "100"]
[EventDate "2010.08.15"]
[EventType "swiss"]
[EventRounds "9"]
[EventCountry "ARM"]
[SourceTitle "CBM 138 Extra"]
[Source "ChessBase"]
[SourceDate "2010.10.29"]
[SourceVersion "1"]
[SourceVersionDate "2010.10.29"]
[SourceQuality "1"]

1. e4 c5 2. Nf3 Nc6 3. d4 cxd4 4. Nxd4 e6 5. Nc3 Qc7 6. Be3 a6 7. Qd2 Nf6 8.
O-O-O Be7 9. f3 O-O 10. g4 b5 11. g5 Nh5 12. Nf5 exf5 13. Nd5 Qb7 14. exf5 d6
15. Bd3 Bd8 16. Be4 Ba5 17. b4 Bd8 18. f6 Re8 19. Ne7+ Bxe7 20. fxe7 Be6 21.
Qxd6 Rac8 22. Bc5 g6 23. Bxc6 Qxc6 24. Qxc6 Rxc6 25. Rd8 Rc8 26. Rhd1 f6 27.
R8d6 Kf7 28. gxf6 Nxf6 29. Rxa6 Nd7 30. Bd6 Bf5 31. Rd2 Ra8 32. Ra5 Nb6 33.
Rxb5 Nc4 34. Rd4 Nxd6 35. Rxd6 Rxa2 36. Rc5 Rxe7 37. Kd2 Ra3 38. b5 Rxf3 39. b6
Rf2+ 40. Kc1 Rxh2 41. Rdc6 Rhe2 42. Rc7 R2e6 43. Rxe7+ Rxe7 44. c4 Rb7 45. Rc6
Ke7 46. c5 Be4 47. Rc8 Kd7 48. Rf8 Kc6 49. Rc8+ Kb5 50. Re8 Bd5 0-1